Loading...
CRRI Annual report2003-04
| Format: | Report |
|---|---|
| Published: |
Orissa
Central rice research institute,Indian council of agriculture reserach
2005
|
| Subjects: |
| LEADER | 00516nam a22001577a 4500 | ||
|---|---|---|---|
| 003 | OSt | ||
| 020 | |a 81-88409-03-0 | ||
| 082 | |a CRRI |b AR 2003-04 | ||
| 245 | |a CRRI |b Annual report2003-04 | ||
| 260 | |a Orissa |b Central rice research institute,Indian council of agriculture reserach |c 2005 | ||
| 300 | |a 68 | ||
| 546 | |a English | ||
| 650 | |a Rice | ||
| 942 | |2 ddc |c REP | ||
| 999 | |c 155215 |d 155215 | ||
| 952 | |0 0 |1 0 |2 ddc |4 0 |6 CRRI_AR_200304 |7 1 |9 154278 |a KAUCLV |b KAUCLV |c REPORTS |d 2017-04-18 |o CRRI AR 2003-04 |p 808330 |r 2017-04-18 |w 2017-04-18 |y REP | ||